Obálka
Pro půjčování e-knih musíte být přihlášeni.
Jak si půjčit online?

Proč má Janička velrybu /

Uloženo v:
Hlavní autor: Durková, Milena (Autor)
Další autoři: Nováková, Jindřiška, 1954- (Autor), Ježková, Jitka, 1978- (Režisér)
Médium: E-audiokniha
Jazyk:Czech
Vydáno: Praha : Fragment, 2017
Témata:
Tagy:
Žádné tagy
LEADER 02601nim a2200637 i 4500
001 313058
003 CZ PrSKC
005 20260601215734.0
007 sd fungnnmmned
008 170221s2017 xr nnnng h n cze
015 |a cnb002881583 
024 3 |a 8594155758081 
040 |a ABA001  |b cze  |e rda 
072 7 |a 821.162.3-3  |x Česká próza  |2 Konspekt 
072 7 |a 821-93  |x Literatura pro děti a mládež (beletrie)  |2 Konspekt 
080 |a 821.162.3-32  |2 MRF 
080 |a (0:82-32)  |2 MRF 
080 |a (086.7.053.2)  |2 MRF 
080 |a (086.7)08  |2 MRF 
080 |a (086.76)  |2 MRF 
100 1 |a Durková, Milena  |7 mzk2005286935  |4 aut 
245 1 0 |a Proč má Janička velrybu /  |c Milena Durková 
264 1 |a Praha :  |b Fragment,  |c 2017 
300 |a 1 audiodisk (207 min.) ;  |c 12 cm 
306 |a 032700 
336 |a mluvené slovo  |b spw  |2 rdacontent 
337 |a audio  |b s  |2 rdamedia 
338 |a audiodisk  |b sd  |2 rdacarrier 
344 |a digital  |b optical  |2 rda 
347 |a audio soubor  |b MP3  |2 rda 
500 |a Název z disku 
500 |a Hudba Daniel Tůma, Room O2 
500 |a Podle stejnojmenné knihy vydané nakladatelstvím Fragment ve společnosti Albatros Media, 1. vydání, 2017 
500 |a Nezkrácená audiokniha na mp3 
508 |a Režie Jindřiška Nováková 
511 0 |a Čte Jitka Ježková 
521 8 |a Pro děti od 5 let 
655 7 |a české příběhy  |7 fd133973  |2 czenas 
655 7 |a zvukové záznamy pro děti a mládež  |7 fd186726  |2 czenas 
655 7 |a audioknihy  |7 fd119452  |2 czenas 
655 7 |a kompaktní disky  |7 fd201991  |2 czenas 
700 1 |a Nováková, Jindřiška,  |d 1954-  |7 jn20010601354  |4 drt 
700 1 |a Ježková, Jitka,  |d 1978-  |7 jo2005274125  |4 nrt 
900 |a ABA001  |b 18 
044 |a xr 
505 0 0 |t Ahoj, znáš Janičku? (1 min., 59 sek.) 
505 0 0 |t Jak získala Janička velrybu (26 min., 27 sek.) 
505 0 0 |t Návštěva u Trpaslíkových I (26 min., 33 sek.) 
505 0 0 |t Návštěva u Trpaslíkových II (30 min., 31 sek.) 
505 0 0 |t Jak doplula velryba až do školy (34 min., 1 sek.) 
505 0 0 |t Jak naučila Janičku plavat (25 min., 52 sek.) 
505 0 0 |t Zachráněná velryba (32 min., 58 sek.) 
505 0 0 |t Ať žije překvápko (28 min., 29 sek.) 
910 |a RBIT002 
998 |d 206739  |a https://core.palmknihy.cz/api/books/206739/cover?sia8rz  |b https://core.palmknihy.cz/api/books/206739/cover/400?sia8rz  |c https://core.palmknihy.cz/api/books/206739/cover/50?sia8rz  |e 2035-12-31  |i 8594155758081  |l 12420  |q 49  |r 1  |s https://www.palmknihy.cz/kniha/206739  |t audiobook  |y 2017  |z 0 
999 |d 313056